| 000 | 00858nam a2200229 a 4500 | ||
|---|---|---|---|
| 001 | 000556866 | ||
| 003 | AM-YeHGA | ||
| 005 | 20250617140221.0 | ||
| 008 | 071109s2007 ai | |||| |0| | arm d | ||
| 020 | _a9789993075530 | ||
| 040 | _aAM-YeHGA | ||
| 041 | 1 |
_aarm _hrus |
|
| 100 | 0 | _aՄակար Մեծ | |
| 245 | 1 | 0 |
_aԽրատներ / _cՍուրբ Մակար Մեծ; Թարգմ. ռուս.՝ Ա.Գ. Ալեքսանյան; Խմբ.՝ Ասողիկ եպիսկոպ. |
| 246 | 1 | 4 | _aՀոգևոր խրատներ |
| 260 |
_aԷջմիածին : _bՄայր Աթոռ Ս. Էջմիածին, _c2007. |
||
| 300 |
_a277 էջ ; _c17 սմ. |
||
| 440 | 0 |
_aՀոգևոր ընթերցումներ _vԲ |
|
| 700 | 1 |
_aԱլեքսանյան, Ա.Գ. _eթարգմ. _4trl |
|
| 700 | 0 |
_aԱսողիկ _cեպիսկոպոս (Արիստակեսյան), _d1959- _eխմբ. _4edt |
|
| 090 | _c217360 | ||
| 999 |
_c215838 _d215838 |
||